000 004950000a22001930004500
001 002459
003 MACL
005 20150908121052.0
008 150908b xxu||||| |||| 00| 0 eng d
040 _aMACL
_cMACL
041 _aEnglish
082 _a820.9/CHA
100 _aSpivak, Gayatri Chakravorty
_99167
245 _aDeath Of A Discipline
_cGayatri Chakravorty Spivak
260 _aCalcutta
_c2004
_bSeagull Books,
350 _a275
650 _aLiterature
_99168
942 _k821
_cBK
_2ddc
999 _c14371
_d14371